[Event "Tarragona Province-chA"]
[Site "Tarragona"]
[Date "2008.04.26"]
[Round "2"]
[White "Ferre Moragues, Andreu"]
[Black "Luke Brezmes, Cristofer"]
[Result "0-1"]
[WhiteElo "1891"]
[BlackElo "2000"]
[PlyCount "62"]
[EventDate "2008.04.19"]
[EventType "swiss"]
[EventRounds "8"]
[EventCountry "ESP"]
[SourceTitle "EXT 2019"]
[Source "ChessBase"]
[SourceDate "2018.10.10"]
[SourceVersion "1"]
[SourceVersionDate "2018.10.10"]
[SourceQuality "1"]

1. e4 c5 2. Nf3 d6 3. d4 cxd4 4. Nxd4 Nf6 5. Nc3 a6 6. Be3 e5 7. Nb3 Be6 8. f3 Nbd7 9. Be2 Be7 10. 0-0 0-0 11. Qe1 b5 12. Rd1 Nb6 13. f4 Nc4 14. Bxc4 Bxc4 15. fxe5 Ng4 16. exd6 Bxd6 17. Rf3 Bxh2+ 18. Kh1 Qc7 19. Bd4 Be5 20. Qh4 Be6 21. Rd2 Rad8 22. Nd5 Bxd5 23. exd5 f5 24. Rc3 Qb8 25. Bxe5 Qxe5 26. Rcd3 Rd6 27. Nc5 Rh6 28. Qxh6 gxh6 29. g3 f4 30. Ne6 f3 31. Nxf8 Qe1# 0-1